Enfermería Pediátrica y Neonatal. (Registro nro. 804)
[ vista simple ]
| 000 -LEADER | |
|---|---|
| fixed length control field | 01180 am a2200289 a 4500 |
| 005 - FECHA ULTIMA MODIFICACION | |
| control field | 20240530110804.0 |
| 008 - CAMPO DE CONTROL (LIBRO) | |
| fixed length control field | 110328s2010||||ag a f |||| 001 0 spa d |
| 020 ## - INTERNATIONAL STANDARD BOOK NUMBER | |
| ISBN | 9879879322482 |
| 041 ## - CODIGO DE IDIOMA | |
| Código de idioma del texto/pista de sonido o título separado | spa |
| 092 ## - SIGNATURA TOPOGRAFICA DEWEY LOCAL | |
| número de clasificación | 618.92 |
| libristica | 75 |
| sección | ROD |
| 100 1# - ENTRADA PRINCIPAL--NOMBRE PERSONAL | |
| Nombre personal | Rodríguez, Susana Alicia. |
| 9 (RLIN) | 694 |
| 245 ## - TITULO PROPIAMENTE DICHO | |
| Título | Enfermería Pediátrica y Neonatal. |
| Subtítulo y Título paralelo | Programa de Formación a Distancia. Cuadernillo 2 / |
| Mención de responsabilidad y remanente de la transcripción de la portada | Susana Alicia Rodríguez |
| 250 ## - MENCION DE EDICION | |
| Mención de edición | 1a ed. |
| 260 ## - PIE DE IMPRENTA | |
| Lugar de publicación, distribución, etc | Buenos Aires: |
| Nombre de la editorial, distribuidor, etc | Fundación Hospital Pediatría "Prof. Dr. Juan P. Garrahan"; |
| Fecha de publicación | 2010. |
| 300 ## - DESCRIPCION FISICA | |
| Extension | 385 p. |
| 500 ## - NOTA GENERAL | |
| Nota general | Rodríguez, S. A., Reinoso, G. N. y Fernández, A. B. (2010). Enfermería Pediátrica y Neonatal. Cuadernillo 2. (1a ed.). Buenos Aires : Fundación Hospital Pediatría "Prof. Dr. Juan P. Garrahan". |
| 590 ## - NOTAS LOCALES (RLIN) | |
| Nota local | Donación de Subsecretaria de Salud, Feb. 2011. |
| 653 ## - TÉRMINO INDIZADO - PALABRAS CLAVES | |
| Palabra clave | Enfermeria pediatrica y neonatal |
| 653 ## - TÉRMINO INDIZADO - PALABRAS CLAVES | |
| Palabra clave | Insuficiencia respiratoria aguda |
| 653 ## - TÉRMINO INDIZADO - PALABRAS CLAVES | |
| Palabra clave | Insuficiencia renal aguda y crónica |
| 653 ## - TÉRMINO INDIZADO - PALABRAS CLAVES | |
| Palabra clave | Control de infecciones |
| 653 ## - TÉRMINO INDIZADO - PALABRAS CLAVES | |
| Palabra clave | Recién nacido |
| 700 1# - ENTRADAS SECUNDARIAS - NOMBRE PERSONAL | |
| Nombre personal | Fernández, Alicia Beatríz |
| 9 (RLIN) | 696 |
| 700 1# - ENTRADAS SECUNDARIAS - NOMBRE PERSONAL | |
| Nombre personal | Reinoso, Graciela Noemí |
| 9 (RLIN) | 695 |
| 930 ## - NUMERO DE INVENTARIO | |
| Número de inventario | 2189 |
| 942 ## - ADDED ENTRY ELEMENTS (KOHA) | |
| Source of classification or shelving scheme | Dewey Decimal Classification |
| Item type | Libros |
| Estado de retiro | Existencia | Estado general | No para prestamo | Ubicación permanente | ubicación actual | Sala de ubicación | Fecha de adquisición | Total Checkouts | Número de clasificación | Código de barras | Date last seen | Número de ejemplar | Price effective from | Koha tipo de elemento (item) |
|---|---|---|---|---|---|---|---|---|---|---|---|---|---|---|
| Biblioteca Medicina | Biblioteca Medicina | Circulación | 13/05/2011 | 618.92 75 ROD | 2189 | 06/11/2014 | ej.1 | 13/05/2011 | Libros |